Begriffe mit A G O R - Statistiken

Allgemein
  • Dieses Quiz wurde 1.243 mal gespielt
  • Das Durchschnittsergebnis liegt bei 10 aus 13
Antwortstatistiken
Hint Antwort % Korrekt
Norditalienischer Blauschimmelkäse Gorgonzola
95%
Edelgas Argon
94%
Land in Afrika Angola
87%
Spinne aus Harry Potter Aragog
83%
Baby Yoda Grogu
83%
Held aus Der Herr der Ringe Aragorn
81%
Als Drachentöter bekannt Georg
72%
Geflügelte Schreckgestalten mit Schlangenhaaren Gorgonen
72%
Autonome Gemeinschaft in Spanien Aragonien
66%
Region im Osten des Peloponnes in Griechenland Argolis
64%
Jasons Reisegefährten Argonauten
62%
Textilfaser Angora
60%
Das Schiff der Argonauten Argo
52%
Keine übereinstimmenden Quizze gefunden
Verteilung der Resultate
Anzahl Personen mit jedem Resultat
Perzentil nach korrekt beantworteten Fragen
Ihre Resultats-Entwicklung
Sie haben dieses Quiz noch nicht gespielt